20 Least Protestant U.S. States - Statistics

General Stats
  • This quiz has been taken 9 times
  • The average score is 17 of 20
Answer Stats
% State % Correct
26.0 New York
100%
32.0 California
89%
35.0 Connecticut
89%
37.0 Idaho
89%
21.0 Massachusetts
89%
31.0 New Jersey
89%
38.0 New Mexico
89%
43.0 Oregon
89%
30.0 Rhode Island
89%
13.0 Utah
89%
40.0 Washington
89%
37.0 Alaska
78%
39.0 Arizona
78%
37.0 Maine
78%
35.0 Nevada
78%
30.0 New Hampshire
78%
30.0 Vermont
78%
38.0 Hawaii
67%
42.0 Montana
67%
43.0 Wyoming
67%
No matching quizzes found
Score Distribution
Percent of People with Each Score
Percentile by Number Answered
Your Score History
You have not taken this quiz